<?xml version="1.0" encoding="UTF-8"?>
<record
    xmlns:xsi="http://www.w3.org/2001/XMLSchema-instance"
    xsi:schemaLocation="http://www.loc.gov/MARC21/slim http://www.loc.gov/standards/marcxml/schema/MARC21slim.xsd"
    xmlns="http://www.loc.gov/MARC21/slim">

  <leader>00982nam a2200229Ia 4500</leader>
  <controlfield tag="001">155.2-MOR gi tr (16053)</controlfield>
  <controlfield tag="003">IT-MiSPE</controlfield>
  <controlfield tag="008">171229s9999||||xx |||||||||||||| ||und||</controlfield>
  <datafield tag="040" ind1=" " ind2=" ">
    <subfield code="a">IT-MiSPE</subfield>
    <subfield code="c">IT-MiSPE</subfield>
  </datafield>
  <datafield tag="041" ind1=" " ind2=" ">
    <subfield code="a">ITALIANO</subfield>
  </datafield>
  <datafield tag="100" ind1=" " ind2=" ">
    <subfield code="a">Girolamo Moretti </subfield>
  </datafield>
  <datafield tag="245" ind1=" " ind2="0">
    <subfield code="a">Trattato di Grafologia</subfield>
    <subfield code="b">Intelligenza - Sentimento</subfield>
  </datafield>
  <datafield tag="250" ind1=" " ind2=" ">
    <subfield code="a">13a ed.</subfield>
  </datafield>
  <datafield tag="260" ind1=" " ind2=" ">
    <subfield code="a">Padova</subfield>
    <subfield code="b">EMP</subfield>
    <subfield code="c">1980</subfield>
  </datafield>
  <datafield tag="300" ind1=" " ind2=" ">
    <subfield code="a">XXIV, 652 p. </subfield>
    <subfield code="c">25 cm</subfield>
  </datafield>
  <datafield tag="500" ind1=" " ind2=" ">
    <subfield code="a">Grafologia</subfield>
  </datafield>
  <datafield tag="501" ind1=" " ind2=" ">
    <subfield code="a">Edizioni San Paolo srl - Piazza Soncino, 5 - 20092 CINISELLO BALSAMO (MI)  (non commercial uses only) &#xAE; Copyright 2018</subfield>
  </datafield>
  <datafield tag="520" ind1=" " ind2=" ">
    <subfield code="a">Ill.</subfield>
  </datafield>
  <datafield tag="942" ind1=" " ind2=" ">
    <subfield code="c">BK</subfield>
  </datafield>
  <datafield tag="957" ind1=" " ind2=" ">
    <subfield code="7">1</subfield>
  </datafield>
  <datafield tag="999" ind1=" " ind2=" ">
    <subfield code="a">2429</subfield>
    <subfield code="b">NO</subfield>
    <subfield code="g"> Copie: 1 </subfield>
    <subfield code="c">337063</subfield>
    <subfield code="d">337063</subfield>
  </datafield>
  <datafield tag="952" ind1=" " ind2=" ">
    <subfield code="0">0</subfield>
    <subfield code="1">0</subfield>
    <subfield code="4">0</subfield>
    <subfield code="6">155_000000000000000_2MOR_GI_TR_16053</subfield>
    <subfield code="7">1</subfield>
    <subfield code="a">CINISELLO</subfield>
    <subfield code="b">CINISELLO</subfield>
    <subfield code="d">2017-12-30</subfield>
    <subfield code="l">0</subfield>
    <subfield code="o">155.2-MOR gi tr (16053)</subfield>
    <subfield code="r">2017-12-30 00:00:00</subfield>
    <subfield code="w">2017-12-30</subfield>
    <subfield code="y">BK</subfield>
    <subfield code="z">(data import: 20 dicembre 2017) - By Epidotti, Vaglietti. </subfield>
  </datafield>
</record>
